000 00342nam a2200133Ia 4500
008 151001s9999||||xx |||||||||||||| ||und||
100 _aमुक्ता केणेकर
245 _aकवीची करामत
250 _a1
260 _bवोरा अड कंपनी
260 _c1971
300 _a103
365 _b7
999 _c955282
_d955279